[Event "EU-ch U10 27th"]
[Site "Mamaia"]
[Date "2017.09.11"]
[Round "6"]
[White "Shah, Kian"]
[Black "Tiganescu, Razvan Ionut"]
[Result "1-0"]
[WhiteElo "1410"]
[BlackElo "1293"]
[PlyCount "63"]
[EventDate "2017.09.05"]
[EventType "swiss"]
[EventRounds "9"]
[EventCountry "ROU"]
[SourceTitle "CBM 180 Extra"]
[Source "ChessBase"]
[SourceDate "2017.10.06"]
[SourceVersion "1"]
[SourceVersionDate "2017.10.06"]
[SourceQuality "1"]

1. e4 c5 2. Nf3 d6 3. d4 cxd4 4. Nxd4 g6 5. Be3 Bg7 6. Nc3 Nc6 7. Qd2 Nf6 8. f3 Bd7 9. 0-0-0 Rc8 10. g4 Ne5 11. h4 Nc4 12. Bxc4 Rxc4 13. h5 a6 14. hxg6 fxg6 15. Bh6 Bf8 16. Bxf8 Kxf8 17. Nd5 Rc5 18. Nb3 Rc6 19. Na5 Rc8 20. Nxb7 Qe8 21. Nxf6 exf6 22. Nxd6 Qe6 23. Nxc8 Qxa2 24. Qd6+ Kg8 25. Qxd7 Qa1+ 26. Kd2 Qa5+ 27. c3 Qg5+ 28. Kc2 Qc5 29. Qe8+ Qf8 30. Qe6+ Kg7 31. Rd7+ Qf7 32. Qxf7# 1-0

[Event "ROM-ch U10"]
[Site "Baile Felix"]
[Date "2017.02.04"]
[Round "3"]
[White "Tiganescu, Razvan Ionut"]
[Black "Stan, Anghel Cristian"]
[Result "1/2-1/2"]
[WhiteElo "1467"]
[BlackElo "1197"]
[PlyCount "113"]
[EventDate "2017.02.02"]
[EventType "swiss"]
[EventRounds "9"]
[EventCountry "ROU"]
[SourceTitle "CBM 176 Extra"]
[Source "ChessBase"]
[SourceDate "2017.03.02"]
[SourceVersion "1"]
[SourceVersionDate "2017.03.02"]
[SourceQuality "1"]

1. d4 Nf6 2. c4 g6 3. Nc3 Bg7 4. Nf3 0-0 5. e4 d6 6. Bd3 c5 7. d5 e5 8. Bg5 h6 9. Be3 Ng4 10. Bd2 f5 11. Qc1 Kh7 12. h3 Nf6 13. exf5 gxf5 14. Bc2 a6 15. Rg1 e4 16. Nh2 Qe7 17. Bf4 Nbd7 18. Qb1 Ne5 19. Bxe5 Qxe5 20. Nf1 Re8 21. g3 f4 22. gxf4 Qxf4 23. Qc1 Qxc1+ 24. Rxc1 Bxh3 25. Rh1 Bd7 26. Rh4 Bf5 27. Ne3 Bg6 28. Ng4 Nxg4 29. Rxg4 h5 30. Rh4 e3 31. Rxh5+ Bh6 32. fxe3 Rxe3+ 33. Kf2 Rf8+ 34. Kg2 Kg7 35. Bxg6 Kxg6 36. Rch1 Bg7 37. R5h3 Ree8 38. Rg3+ Kf7 39. Rf1+ Kg8 40. Rg1 Rf7 41. Kh1 Kf8 42. Rg6 Bxc3 43. Rg8+ Ke7 44. Rxe8+ Kxe8 45. bxc3 Rf2 46. Rb1 Rxa2 47. Rxb7 a5 48. Rb6 Kd7 49. Rb1 a4 50. Kg1 a3 51. Rb3 Ra1+ 52. Kf2 a2 53. Ra3 Rc1 54. Rxa2 Rxc3 55. Ra4 Rb3 56. Ra1 Rc3 57. Ra4 1/2-1/2

[Event "ROM-ch U08"]
[Site "Calimanesti Caciulata"]
[Date "2016.04.23"]
[Round "7"]
[White "Stoica, Matei Gabriel"]
[Black "Tiganescu, Razvan Ionut"]
[Result "0-1"]
[WhiteElo "1065"]
[BlackElo "1461"]
[PlyCount "80"]
[EventDate "2016.04.18"]
[EventType "swiss"]
[EventRounds "9"]
[EventCountry "ROU"]
[SourceTitle "CBM 172 Extra"]
[Source "ChessBase"]
[SourceDate "2016.06.21"]
[SourceVersion "1"]
[SourceVersionDate "2016.06.21"]
[SourceQuality "1"]

1. e4 e5 2. Nc3 Nf6 3. Nf3 Nc6 4. Bb5 d6 5. h3 Be6 6. 0-0 Be7 7. d3 0-0 8. Be3 a6 9. Ba4 Nd7 10. Qd2 f5 11. Bb3 Bxb3 12. axb3 f4 13. d4 fxe3 14. fxe3 Bg5 15. dxe5 Ndxe5 16. Nxe5 Nxe5 17. Rxf8+ Qxf8 18. Rf1 Qe8 19. Qd5+ Kh8 20. Kh1 Qc6 21. Qe6 Bxe3 22. Qe7 Qe8 23. Qh4 Ng6 24. Qg3 Bd4 25. Nd5 Qxe4 26. Nxc7 Rc8 27. Qxd6 Be5 28. Qc5 Bxc7 29. Qf2 Qe5 30. g4 Qd6 31. h4 Qc6+ 32. Kg1 Bb6 33. Qxb6 Qxb6+ 34. Kh1 Rf8 35. Rxf8+ Nxf8 36. h5 Ne6 37. h6 Qf2 38. hxg7+ Kxg7 39. g5 Nf4 40. g6 Qg2# 0-1